| 000 | 00618cam a2200169 4500 | ||
|---|---|---|---|
| 082 |
_a297.63 _bGUI _cl-30,P-155 |
||
| 100 | 1 |
_aA. Guillaume. _9381 |
|
| 245 | 1 | 4 |
_aThe life of Muhammad. _ba translation of Isḥāq's Sīrat Rasūl Allāh _cwith an introduction and notes by |
| 260 |
_aLondon, _aNew York, _bG. Cumberlege, _bOxford University Press, _c1955. |
||
| 300 |
_axlvii, 813 p., 2 l. _c23 cm. |
||
| 526 |
_a0 _b0 _c0 _d297_630000000000000_GUI |
||
| 526 |
_a0 _b0 _c0 _d297_630000000000000_GUI |
||
| 650 |
_aMCE _9379 |
||
| 700 | 1 |
_aGuillaume, Alfred, _9382 |
|
| 700 | 1 |
_aIbn Isḥāq, Muḥammad, _9380 |
|
| 942 |
_2ddc _cBK |
||
| 999 |
_c542334 _d542334 |
||